000 00450nam a2200181Ia 4500
005 20250508151629.0
008 008 250505s9999 xx 000 0 eng d
037 _aReference
040 _aFEDL
_beng
_cFEDL
041 _aeng
_2eng
084 _a370.1, WHI
_qFEDL
100 _aWhilehead A N
_9759628
245 0 _aAims of education
260 _c1951
300 _a248p.
942 _cREF
_h370.1, WHI
999 _c1331016
_d1331016